| 000 -NÁVESTIE |
| fixed length control field |
00346nam a2200145 a 4500 |
| 008 - ÚDAJE S PEVNOU DĹŽKOU – VŠEOBECNÉ INFORMÁCIE |
| fixed length control field |
191022s2019|||| d |
| 020 ## - MEDZINÁRODNÉ ŠTANDARDNÉ ČÍSLO KNIHY (ISBN) |
| Medzinárodné štandardné číslo knihy (ISBN) |
9788086102788 |
| Údaje o dostupnosti |
8,88 |
| 041 ## - KÓD JAZYKA |
| Kód jazyka textu/zvukovej stopy alebo samostatných nápisov |
cze |
| 044 ## - KÓD KRAJINY VYDAVATEĽA/PRODUCENTA |
| Kód krajiny MARC |
CZ |
| 100 1# - OSOBNÉ MENÁ – VŠEOBECNÉ INFORMÁCIE |
| Osobné meno |
Nuska Bohumil |
| 245 10 - NÁZOV |
| Názov |
Rytmus, Tvorba, Divadlo III.diel |
| 250 ## - ÚDAJ O PORADÍ VYDANIA |
| Údaj o poradí vydania |
1.vydanie |
| 260 ## - VYDAVATEĽSKÉ ÚDAJE, DISTRIBÚCIA ATĎ. |
| Názov vydavateľa, distibútora atď. |
Serifa |
| Miesto publikovania, distribúcie atď. |
Praha |
| Dátum publikovania, distribúcie atď. |
2019 |
| 300 ## - FYZICKÝ POPIS |
| Rozsah |
313s. |